| 000 | 00863 a2200265 4500 | ||
|---|---|---|---|
| 003 | CBULib | ||
| 005 | 20240520124521.0 | ||
| 008 | 231206b |||||||| |||| 00| 0 eng d | ||
| 020 | _a9781138684560 | ||
| 040 |
_bEnglish _cCBULib _erda |
||
| 041 | _aeng | ||
| 050 | _aBL 65.L33 Law | ||
| 100 | 1 |
_aBabie, Paul, _91258 _d1966- |
|
| 245 |
_aLaw, religion and love : seeking ecumenical justice for the other _c/ by Paul Babie; and Vanja-Ivan Savic |
||
| 260 |
_bRoutledge, _c2018. _aNew York : |
||
| 300 | _axix, 314 pages | ||
| 336 |
_2rdacontent _aText | _btxt |
||
| 337 |
_2rdamedia _aUnmediated | _bn |
||
| 338 |
_2rdacarrier _aVolume _bnc |
||
| 504 | _aIncludes bibliographical reference and index | ||
| 650 | 0 |
_91259 _aLOVE RELIGIOUS ASPECTS |
|
| 650 | 0 |
_91260 _aOTHER (PHILOSOPHY) RELIGIOUS ASPECTS |
|
| 650 | 0 |
_91261 _aRELIGION AND LAW |
|
| 942 |
_2lcc _c002 |
||
| 999 |
_c83296 _d83296 |
||